000 00282nam a22001337a 4500
008 170630b xxu||||| |||| 00| 0 eng d
020 _a9780205698813
041 _aeng
080 _a11TH
100 _a22
101 _aGJL
245 _aLITERATURE
_cKENNEDY,X.J
942 _2udc
_cBK
999 _c19739
_d19739